Statistics for Busiest Air Routes from the U.S.

Click here to take the quiz!

General Stats

  • This quiz has been taken 52,004 times
    (34,682 since last reset)
  • The average score is 19 of 33

Answer Stats

PassengersGrowthCity% Correct
16.2 mil4%London
99%
6.81 mil6%Paris
97%
6.98 mil14%Mexico City
93%
7.85 mil0%Tokyo
92%
2.26 mil9%Madrid
89%
3.11 mil13%Beijing
88%
1.86 mil7%Rome
87%
11.3 mil5%Toronto
86%
5.20 mil3%Vancouver
77%
2.75 mil25%Shanghai
74%
2.17 mil15%Dublin
73%
4.90 mil2%Amsterdam
71%
3.71 mil5%Montreal
69%
6.63 mil2%Frankfurt
67%
5.49 mil1%Seoul
66%
3.06 mil1%Hong Kong
65%
3.00 mil-8%Sao Paulo
62%
3.03 mil10%Dubai
58%
2.04 mil-1%Bogota
53%
2.03 mil0%Munich
52%
1.85 mil24%Istanbul
51%
1.89 mil8%Lima
47%
8.00 mil14%Cancun
43%
2.82 mil0%Panama City
40%
2.94 mil-4%Calgary
37%
2.56 mil12%Taipei
36%
2.09 mil1%Nassau
34%
3.17 mil18%Guadalajara
31%
2.12 mil2%Santo Domingo
30%
2.04 mil14%San Jose
28%
2.44 mil24%San Jose del Cabo
14%
2.72 mil14%Punta Cana
10%
2.45 mil3%Montego Bay
7%

Score Distribution

Percentile by Number Answered

Percent of People with Each Score

Your Score History

You have not taken this quiz since the last reset